|
|
|
|
| LEADER |
00000nab a2200000 ar4500 |
| 001 |
vtls008985511 |
| 003 |
SK-MaSNL |
| 005 |
20260303194735.0 |
| 008 |
070502c2007 xo qr|p|||||||000 b|slo |
| 015 |
|
|
|a SNBRB2007/05
|
| 038 |
|
|
|a SNKBUCL
|
| 040 |
|
|
|a SNKBUCL
|b slo
|e AACR2
|c SNKBUCL
|
| 041 |
0 |
|
|a slo
|
| 044 |
|
|
|a xo
|c SK
|
| 080 |
|
|
|a 2-051
|2 1997
|
| 100 |
1 |
|
|a Sočufka, František,
|d 1955-
|4 aut
|9 105396
|
| 245 |
1 |
0 |
|a Nesmierne miloval Krista
|c František Sočufka
|
| 600 |
0 |
7 |
|a Ján Pavol
|b II.,
|c pápež,
|d 1920-2005
|2 snkbucl
|9 106999
|
| 773 |
0 |
|
|t Viera a život
|g Roč. XVII, č. 2 (2007), s. 61-63
|x 1335-6771
|
| 852 |
|
|
|a SNK
|b KIS3GCP
|
| 958 |
|
|
|a SK
|
| 958 |
|
|
|a NT
|
| 958 |
|
|
|a BC
|
| 999 |
|
|
|c 2159261
|d 2161191
|